| 000 | 00872nam a22002537a 4500 | ||
|---|---|---|---|
| 999 |
_c3568 _d3568 |
||
| 003 | AR-CdUCM | ||
| 008 | 190306b ||||| |||| 00| 0 spa d | ||
| 040 |
_aMUNICIPALIDAD PROVINCIAL DEL CUSCO _cBIBLIOTECA MUNICIPAL DEL CUSCO |
||
| 041 | _heng | ||
| 082 |
_a301.5 / _bAY94 |
||
| 100 |
_aAyres, C.E _911683 |
||
| 245 |
_aHacia una Sociedad Razonable ; _bLos Valores de la Civilización Industrial / |
||
| 260 |
_aMexico : _bLibreros Mexicanos Unidos, _c1964. |
||
| 300 |
_a302 paginas; _c22cm. |
||
| 500 | _aSociedad | ||
| 505 | _aContenido: La razon y la sinrazon -- Las dos caras de la humanidad -- La unidad de los valores -- El modo de vida industrial | ||
| 650 |
_aIndustrial _911684 |
||
| 650 |
_aLatinoamerica _94398 |
||
| 650 |
_aHumanidad _94969 |
||
| 650 |
_aMexico _918 |
||
| 700 |
_aibarguengotta, Jorge _911685 |
||
| 942 |
_2ddc _cLIBROS |
||
| 945 | _apjha | ||